000 01842cam a22004694i 4500
003 PE-LiUPU
005 20250731173227.0
008 150625s1899 miu rb 000 0 eng d
020 _a080282175X
035 _a(Sirsi) i9780802821751
040 _aPE-LiUPU
_bspa
_cPE-LiUPU
_erda
049 _aPRUA
082 0 4 _a225.07
_bNICNT
_221
100 1 _aFung, Ronald Y.K.,
_eautor.
245 1 4 _aThe Epistle to the Galatians /
_cRonald Y.K. Fung.
264 1 _aMichigan :
_bEerdmans,
_c1899.
300 _a342 páginas ;
_c22 centímetros.
336 _atext
_2rdacontent
337 _aunmediated
_2rdamedia
338 _avolume
_2rdacarrier
490 0 _aThe New International Commentary on the New Testament
504 _aNotas bibliográficas al pie de páginas.
505 0 _aIntroduction -- Text exposition, and notes -- Main argument: exposition of the doctrine of justification by faith -- Guidance on practical christian living -- Sumamary and conclusion -- Summary of theological conclusions: The status of "justification by Faith" in Paul's thought as seen in Galatians.
526 _aSEG42
526 _aSEG41
526 _aSEG40
526 _aSEG39
526 _aP94
526 _aP87
526 _aP86
526 _aP85
526 _aP77
526 _aP76
526 _aP35
630 _aBiblia.
_pN.T.
_PG álatas
_xComentarios.
942 _2ddc
_cBOOK
949 _a225.07 NICNT 9
_wDEWEY
_c1
_i37776
_lCCODEBUL1
_mBUL
_r0
_sY
_tBOOK
_u2015-6-25
_xTEOLOGIA
_zUNKNOWN
_0COMPRA
_o.STAFF. Colección General
994 _aC0
_bPEPRU
596 _a1
999 _a225.07 NICNT 9
_wDEWEY
_c42038
_i37776
_d42038
_e2017-10-13
_f2021-11-9
_g6
_lCCODEBUL1
_mBUL
_n2
_p27.29
_r0
_sY
_tBOOK
_u2015-6-25
_xTEOLOGIA
_PP35
_0COMPRA
_o.STAFF. Colección Teología
980 _81
_gALBERTO SANCHEZ Responsable de Automatización